Biggest U.S. Cities Without a Pro Sports Team - Statistics

General Stats
  • This quiz has been taken 74 times
  • The average score is 11 of 20
Answer Stats
Population City State % Correct
350,964 Honolulu HI
87%
918,915 Fort Worth TX
86%
457,672 Virginia Beach VA
84%
486,051 Omaha NE
79%
291,247 Anchorage AK
76%
504,258 Mesa AZ
76%
292,449 Jersey City NJ
64%
386,261 Aurora CO
60%
466,742 Long Beach CA
59%
314,998 Riverside CA
50%
262,527 North Las Vegas NV
49%
257,141 Lubbock TX
47%
275,987 Chandler AZ
41%
255,205 Laredo TX
39%
285,494 Plano TX
39%
310,227 Santa Ana CA
39%
275,487 Chula Vista CA
37%
249,422 Chesapeake VA
36%
267,918 Gilbert AZ
36%
256,732 Irving TX
29%
No matching quizzes found
Score Distribution
Percent of People with Each Score
Percentile by Number Answered
Your Score History
You have not taken this quiz